000
00257nam a2200109Ia 4500
008
190912s9999||||xx |||||||||||||| ||und||
100
_a
Latif Ahmed
245
4
_a
The Pakistan Resolution
260
_a
Karachi
_b
McGraw-Hill
_c
1988
300
_a
250
942
_c
BK
999
_c
7355
_d
7355